Normal view
MARC view
Entry Geographic Name
001 - CONTROL NUMBER
- control field: 27941
003 - CONTROL NUMBER IDENTIFIER
- control field: OSt
005 - DATE AND TIME OF LATEST TRANSACTION
- control field: 20230713150740.0
008 - FIXED-LENGTH DATA ELEMENTS
- fixed length control field: 230713|| aca||aabn | a|a d
040 ## - CATALOGING SOURCE
- Original cataloging agency: OSt
- Transcribing agency: OSt
151 ## - HEADING--GEOGRAPHIC NAME
- Geographic name: မြန်မာနိုင်ငံ
- General subdivision: ယဉ်ကျေးမှုနှင့် ဓလေ့ထုံးစံ။
670 ## - SOURCE DATA FOUND
- Source citation: Work cat.: (OSt): မဲဇာ။ 27938, ကချင်ရိုးရာ သုတပဒေသာ /, ၁၉၉၆။